000 00531nam a22001697a 4500
005 20251108170527.0
008 250721s1999 xx 000 0 ara d
082 1 4 _a920.0565/كاي
100 1 _aالكايد، محمود
245 1 0 _aخارج النص :
_bصور قلمية لشخصيات لها حضورها /
264 1 _aبيروت :
_bالمؤسسة العربية للدراسات و النشر،
_c1999.
300 _a222ص
650 1 7 _aالأدب
650 1 7 _aالتراجم
942 _2ddc
_cBK
999 _c42671
_d42671